000 01498nam0a22003491 4500
001 rc\3010608
005 20260405105943.0
035 _a(NLR Aleph) 007153169
090 _a7172726
_c7172726
100 _a20110923d1941 u y0rusy50 ca
101 1 _arus
_ceng
102 _aRU
105 _aa z |||||
200 1 _aДинамические системы
_fБиркгоф, Дж. Д.
_gПер. с англ. Е.М. Ливенсона
_gПод ред. А.А. Маркова, В.В. Немыцкого и В.В. Степанова
210 _aМосква
_aЛенинград
_cГостехиздат
_d1941
_eЛенинград
215 _a320 с.
_cчерт.
_d23 см
300 _aВ кн. также статьи автора по вопросам динамики
320 _aУказатели: имени и предметов: с. 318-20
700 1 _aБиркгоф
_bГ.Д.
_gГеорг. Давид
702 1 _aЛивенсон
_bЕ.М.
_4730
702 1 _aМарков
_bА.А.
_4340
702 1 _aНемыцкий
_bВ.В.
_4340
702 1 _4340
_7ca
_8rus
_aСтепанов
_bВ. В.
_cматематик
_f1889-1950
_gВячеслав Васильевич
_924145
_3RU\NLR\AUTH\7741195
801 0 _aRU
_bNLR
_gpsbo
801 1 _aRU
_bELAR
_2rusmarc
801 2 _aRU
_bNLR
_c20131213
_2rusmarc
852 _aNLR
_jМх02 Г-5/8
852 _aNLR
_bМф
_jК-1/12472
942 _cBOOK
945 _aРоссийская национальная библиотека
980 _aNB
980 _aBV